A man's heart / Lori Copeland.
Available copies
- 2 of 2 copies available at LARL/NWRL Consortium.
- 1 of 1 copy available at Lake Agassiz Regional Library. (Show preferred library)
Current holds
0 current holds with 2 total copies.
View other formats and editions
Show Only Available Copies
| Location | Call Number / Copy Notes | Barcode | Shelving Location | Status | Due Date |
|---|---|---|---|---|---|
| Crookston Public Library | C COP (Text) | 33500011165594 | Main | Available | - |
| Red Lake Falls Public Library | COP (Text) | 35500004991723 | Main | Available | - |
Record details
- ISBN: 9780310289852 (softcover)
- ISBN: 0310289858 (softcover)
- Physical Description: p. cm.
- Publisher: Grand Rapids, Mich. : Zondervan, 2010.
Search for related items by subject
| Subject: | Single women > Fiction. Parents > Death > Fiction. Farm life > Fiction. |
| Genre: | Christian fiction. Love stories. |
| LDR | 01627cam a22004098a 4500 | ||
|---|---|---|---|
| 001 | 122898 | ||
| 003 | LARL_NWRL_CONSORTIUM | ||
| 005 | 20100924100628.0 | ||
| 008 | 100615s2010 miu 000 1 eng | ||
| 010 | . | ‡a2010024264 | |
| 020 | . | ‡a9780310289852 (softcover) | |
| 020 | . | ‡a0310289858 (softcover) | |
| 035 | . | ‡a(OCoLC)555622607 | |
| 040 | . | ‡aDLC ‡cDLC ‡dBTCTA | |
| 050 | 0 | 0. | ‡aPS3553.O6336 ‡bM36 2010 |
| 082 | 0 | 0. | ‡a813/.54 ‡222 |
| 100 | 1 | . | ‡aCopeland, Lori. ‡0(LARL_NWRL_CONSORTIUM)104035 |
| 245 | 1 | 2. | ‡aA man's heart / ‡cLori Copeland. |
| 260 | . | ‡aGrand Rapids, Mich. : ‡bZondervan, ‡c2010. | |
| 263 | . | ‡a1011 | |
| 300 | . | ‡ap. ‡ccm. | |
| 650 | 0. | ‡aSingle women ‡vFiction. ‡0(LARL_NWRL_CONSORTIUM)167300 | |
| 650 | 0. | ‡aParents ‡xDeath ‡vFiction. ‡0(LARL_NWRL_CONSORTIUM)173947 | |
| 650 | 0. | ‡aFarm life ‡vFiction. ‡0(LARL_NWRL_CONSORTIUM)164970 | |
| 655 | 7. | ‡aChristian fiction. ‡2gsafd | |
| 655 | 7. | ‡aLove stories. ‡2gsafd | |
| 948 | . | ‡hNO HOLDINGS IN LAL - 20 OTHER HOLDINGS | |
| 994 | . | ‡aZ0 ‡bLAL | |
| 901 | . | ‡a122898 ‡bOCLC ‡c122898 ‡tbiblio | |

Add to basket
Permalink
Enable Highlighting